000 00751cam a22002653a 4500
001 601
003 PGUSA
005 20140828082950.0
008 960701s1996||||xxu|||||s|||||000 1 eng d
040 _aPGUSA
_beng
042 _adc
050 4 _aPR
100 1 _aLewis, M. G.
_q(Matthew Gregory),
_d1775-1818
245 1 4 _aThe Monk :
_bA Romance
_h[electronic resource] /
_cM. G. Lewis
260 _bProject Gutenberg,
_c1996
506 _aPublic domain in the USA.
516 _aElectronic text
653 _aGothic fiction (Literary genre)
653 _aHorror tales
653 _aMonks -- Fiction
653 _aMadrid (Spain) -- Fiction
830 0 _aProject Gutenberg
_v601
856 4 0 _uhttp://www.gutenberg.org/ebooks/601
942 _cEB
999 _c229952
_d229952